LIBRARY & INFORMATION CENTRE, KCAET, TAVANUR

ONLINE PUBLIC ACCESS CATALOGUE (OPAC)

General properties of matter / (Record no. 7424)

MARC details
000 -LEADER
fixed length control field 00440cam a2200181ua 4500
041 ## - LANGUAGE CODE
Language code of text/sound track or separate title eng
082 ## - DEWEY DECIMAL CLASSIFICATION NUMBER
Classification number 530.412
Item number UPA/GE
100 ## - MAIN ENTRY--AUTHOR NAME
Personal name Upadhyaya, J C .
245 ## - TITLE STATEMENT
Title General properties of matter /
250 ## - EDITION STATEMENT
Edition statement 1 /
260 ## - PUBLICATION, DISTRIBUTION, ETC. (IMPRINT)
Place of publication Agra :
Name of publisher Ramprasad and sons ,
Year of publication 1985.
300 ## - PHYSICAL DESCRIPTION
Number of Pages 572 ; .
942 ## - ADDED ENTRY ELEMENTS (KOHA)
Koha item type Books
Holdings
Withdrawn status Lost status Damaged status Home library Current library Date acquired Full call number Accession Number Koha item type
      KAUAET KAUAET 01/09/1986 530.412 UPA/GE 15579 Books
free website counter